A Guide to Contraction in English Braille (Record no. 178177)
[ view plain ]
| 000 -LEADER | |
|---|---|
| fixed length control field | 00720nam a22002177a 4500 |
| 005 - DATE AND TIME OF LATEST TRANSACTION | |
| control field | 20210319163603.0 |
| 006 - FIXED-LENGTH DATA ELEMENTS--ADDITIONAL MATERIAL CHARACTERISTICS--GENERAL INFORMATION | |
| fixed length control field | a|||||f|||| 00| 0 |
| 007 - PHYSICAL DESCRIPTION FIXED FIELD--GENERAL INFORMATION | |
| fixed length control field | tc |
| 008 - FIXED-LENGTH DATA ELEMENTS--GENERAL INFORMATION | |
| fixed length control field | 180720b xxu||||| |||| 00| 0 eng d |
| 010 ## - LCCN (DPL NO) | |
| LC control number | BR-003190- BR-003193 |
| 020 ## - INTERNATIONAL STANDARD BOOK NUMBER | |
| Terms of availability | 12.00 |
| 035 ## - SYSTEM CONTROL NUMBER | |
| System control number | BR-003190 |
| 037 ## - SOURCE OF ACQUISITION | |
| Source of stock number/acquisition | N.I.V.H. |
| 082 ## - DEWEY DECIMAL CLASSIFICATION NUMBER | |
| Classification number | 480 |
| 245 ## - TITLE STATEMENT | |
| Title | A Guide to Contraction in English Braille |
| 260 ## - PUBLICATION, DISTRIBUTION, ETC. (IMPRINT) | |
| Place of publication, distribution, etc | Dehradun |
| Name of publisher, distributor, etc | N.I.V.H. |
| Date of publication, distribution, etc | Dehradun |
| 270 ## - ADDRESS | |
| Address | 116,Rajpur Road, Dehradun |
| City | Dehradun |
| Postal code | 248001 |
| 300 ## - PHYSICAL DESCRIPTION | |
| Extent | various pages. |
| Dimensions | 30cm(HB). |
| 942 ## - ADDED ENTRY ELEMENTS (KOHA) | |
| Source of classification or shelving scheme | Dewey Decimal Classification |
| Item type | Braille-Books-English |
| Classification part | 480 |
| Call number suffix | GUI |
No items available.
